00442nam a2200157Ia 4500003000400000005001700004008004100021020001400062040002900076050002300105100002000128245006900148260003000217300002100247650001600268OSt20230804112731.0221021s9999||||xx |||||||||||||| ||und|| a070366055 cChuka University Library aBF 698 b.L37 2002 aLarsen, Randy J 0aPersonality Psychology: domains of Knowledge about human nature/ aBostonbMCGraw hillc2002 aVarious pagings  apersonality